000 00589cam a22002053a 4500
001 39012
003 PGUSA
005 20140828083848.0
008 120229s2012||||xxu|||||s|||||000 | eng d
040 _aPGUSA
_beng
042 _adc
100 1 _aBolton, Sarah Knowles,
_d1841-1916
245 1 0 _aFamous American Statesmen
_h[electronic resource] /
_cSarah Knowles Bolton
260 _bProject Gutenberg,
_c2012
506 _aPublic domain in the USA.
516 _aElectronic text
830 0 _aProject Gutenberg
_v39012
856 4 0 _uhttp://www.gutenberg.org/ebooks/39012
942 _cEB
999 _c268265
_d268265